000 01016nas a2200349 4500
001 BR0810435
003 BR-BrBNA
005 20231205113048.0
007 ta
008 230509b bl.|||p| |||| 00| 00por d
040 _aBR-BrBNA
_bpor
_cBiblioteca Nacional de Agricultura
041 _a(Pt)
072 _aP01; T01; L02
100 1 _aQueiroz, D.S.
100 1 _aSalgado, L.T.
100 1 _aFernandes, L. de O.
245 1 _aRecuperação de pastagens degradadas
650 _aMEIO AMBIENTE
650 _aIMPACTO AMBIENTAL
650 _aLAVOURA
650 _aPECUÁRIA
650 _aSILVICULTURA
650 _aDETERIORAÇÃO DO SOLO
650 _aPASTAGEM
650 _aPASTAGEM
650 _aMANEJO
650 _aADUBAÇÃO
650 _aPLANTA FORRAGEIRA
773 0 _tInforme Agropecuário - Empresa de Pesquisa Agropecuária de Minas Gerais (Brazil)
_xISSN 0100-3364
_g(May-Jun 2008), v. 29(244) p. 55-65
_wBR0810435
909 _a202311
_bLúcia
_c55
_dLúcia Elande
942 _2AGRIS
_n0
_cANA
999 _c201606
_d201606